| 000 | 00639nam a22002417a 4500 | ||
|---|---|---|---|
| 001 | 303 | ||
| 003 | FISKH | ||
| 005 | 20250825133359.0 | ||
| 008 | 230317b cb ||||| |||| 00| 0 eng d | ||
| 020 | _a9780394800301 | ||
| 040 |
_aDLC _cMB _dDLC _dFISKH _beng |
||
| 050 | 0 | 0 |
_aPZ8.3.G276 _bDm |
| 082 | _a421.1 | ||
| 100 | 1 |
_aGeisel, Theodor _cDr. _qTheodor Seuss Geisel |
|
| 245 | 1 | 0 | _aDr. Seuss's ABC. |
| 260 |
_aNew York _bBeginner Books _c1991 |
||
| 300 |
_a63 p. _bcol. illus. _c24 cm. |
||
| 505 | _aD | ||
| 521 | 8 |
_a210
_bLexile |
|
| 521 | 8 |
_aD
_bRaz-Plus |
|
| 906 |
_a7 _bcbc _corignew _du _eocip _f19 _gy-gencatlg |
||
| 942 |
_2ddc _cBK _n0 |
||
| 999 |
_c303 _d303 |
||